| 000 | 00481nam a2200193 a 4500 | ||
|---|---|---|---|
| 001 | 1771588832075 | ||
| 003 | YourLibrary | ||
| 005 | 20260220173228.0 | ||
| 008 | 260220s2007##################000#0#eng## | ||
| 020 | _a9780745623375 | ||
| 082 | 0 | 4 |
_a320.15 _bJAC |
| 100 | 1 |
_aJackson, Robert, _eauthor. |
|
| 245 | 1 | 0 | _aSovereignty : |
| 260 |
_bPolity, _c2007. |
||
| 300 | _a195 pages | ||
| 650 | 0 | _aPolitical Science. | |
| 942 | _cENGLISH | ||
| 040 |
_aYourLibrary _beng _cYourLibrary |
||
| 999 |
_c614613 _d614613 |
||